000 01060 a2200193 4500
003 Nust
005 20221017121109.0
020 _a9698535004
040 _cNust
082 _a617.37,HAS
100 _aHashmi, M.A.
_9100429
245 _aYour child with a deformity :
_ba guide to birth defects in children /
_cDr M.A Hashmi, Dr Sonya Hashmi
250 _a1st ed.
260 _aIslamabad
_bMaryah Printers
_c2000
300 _a318:p
505 _aWhat Are Deformities (Page-1), What Causes Deformities (Page-11), Genes and Genetics (Page-29), How do we Inherit Problems (Page-45), Genetic Basis of Common Diseases (Page-61), What can be Done (Page-81), Some New Concepts (Page-101), Genetic Counseling (Page-113), Ethical Considerations (Page-121), Clinical Problems A-B (Page-125), Clinical Problems C-D (Page-144), Clinical Problems E-H (Page-179), Clinical Problems I-L (Page-205), Clinical Problems M-P (Page-221), Clinical Problems Q-T (Page-257), Clinical Problems U-Z (Page-281).
650 _aYour Child With A Deformity
_9100430
942 _2ddc
_cBK
999 _c183194
_d183194